Jami / (Record no. 96622)

MARC details
000 -LEADER
fixed length control field 00921nam a22002657a 4500
005 - DATE AND TIME OF LATEST TRANSACTION
control field 20151116102740.0
010 ## - LCCN (DPL NO)
LC control number ENG-113972
020 ## - INTERNATIONAL STANDARD BOOK NUMBER
Terms of availability 395.00
International Standard Book Number 198090447
020 ## - INTERNATIONAL STANDARD BOOK NUMBER
Terms of availability 395.00
International Standard Book Number 9780198090441
035 ## - SYSTEM CONTROL NUMBER
System control number EN-97504
037 ## - SOURCE OF ACQUISITION
Source of stock number/acquisition DBAD/PUB
Stock number dpl
082 ## - DEWEY DECIMAL CLASSIFICATION NUMBER
Classification number 891.5512
100 ## - MAIN ENTRY--PERSONAL NAME
Personal name Algar, Hamid
245 ## - TITLE STATEMENT
Title Jami /
Statement of responsibility, etc by Hamid Algar
260 ## - PUBLICATION, DISTRIBUTION, ETC. (IMPRINT)
Place of publication, distribution, etc New Delhi
Name of publisher, distributor, etc Oxford University Press
Date of publication, distribution, etc 2013
270 ## - ADDRESS
Address YMCA Library Building, 1, Jai Singh Road,
City New Delhi
Postal code 110001
300 ## - PHYSICAL DESCRIPTION
Extent viii,152p.
Dimensions 22cm(pbk)
490 ## - SERIES STATEMENT
Series statement Makers of Islamic civilization
500 ## - GENERAL NOTE
General note "Oxford Centre for Islamic Studies."
500 ## - GENERAL NOTE
General note Includes bibliographical references and index.
520 ## - SUMMARY, ETC.
Summary, etc On the life and works of Jami, 1414-1492, Persian poet.
600 ## - SUBJECT ADDED ENTRY--PERSONAL NAME
Personal name Jāmī,
Dates associated with a name 1414-1492
General subdivision Criticism and interpretation.
710 ## - ADDED ENTRY--CORPORATE NAME
Corporate name or jurisdiction name as entry element Oxford Centre for Islamic Studies.
942 ## - ADDED ENTRY ELEMENTS (KOHA)
Source of classification or shelving scheme Dewey Decimal Classification
Item type English Books
Call number suffix ALG
Classification part 891.5512
Holdings
Withdrawn status Lost status Not for loan Collection code Home library Current library Date acquired Source of acquisition Cost, normal purchase price Full call number Barcode Copy number Cost, replacement price Koha item type
    Not For Loan Non-fiction D.B.Act.Division D.B.Act.Division 03/09/2015 DBAD/PUB 395.00 891.5512 ALG EN-97504 1 395.00 English Books

© Delhi Public Library
Hit Counter
free hit counter